Accounting for the Non Accountant Manager (Record no. 1397)

MARC details
000 -LEADER
fixed length control field 00379nam a2200133 4500
020 ## - INTERNATIONAL STANDARD BOOK NUMBER
ISBN 9988792964
050 ## - CALL NUMBER
Classification number HF 5635
Item number G99
100 ## - AUTHOR
Personal name Gyasi Kwame
245 ## - TITLE
Title Accounting for the Non Accountant Manager
260 ## - PUBLICATION INFORMATION
Place of publication Legon, Ghana
Name of publisher Kwabotwe Hill
Year of publication 2013
300 ## - DESCRIPTION
Number of Pages xxiii, 271 pg
505 ## - FORMATTED CONTENTS NOTE
Table of Content Introduction<br/>Financial Accounting<br/>Management Accounting<br/>Auditing
942 ## - ADDED ENTRY ELEMENTS (KOHA)
Koha item type Books
Holdings
Withdrawn status Lost status Collection code Home library Current library Shelving location Date acquired Full call number Accession Number Koha item type
    Reference Methodist University Library Main Methodist University Library Main General Stacks 01/04/2016 HF 5635 G99 2150 Books
    Reference Methodist University Library Main Methodist University Library Main General Stacks 01/04/2016 HF 5635 G99 2149 Books
    Reference Methodist University Library Main Methodist University Library Main General Stacks 01/04/2016 HF 5635 G99 2148 Books
      Methodist University Library Main Methodist University Library Main   11/12/2017 HF 5635 G99   Books
Copyright © 2026  MUG Library